<?xml version="1.0" encoding="UTF-8"?><?xml-stylesheet type="text/xsl" href="static/style.xsl"?><OAI-PMH xmlns="http://www.openarchives.org/OAI/2.0/" xmlns:xsi="http://www.w3.org/2001/XMLSchema-instance" xsi:schemaLocation="http://www.openarchives.org/OAI/2.0/ http://www.openarchives.org/OAI/2.0/OAI-PMH.xsd"><responseDate>2026-06-03T01:32:02Z</responseDate><request verb="GetRecord" identifier="oai:riuma.uma.es:10630/28567" metadataPrefix="marc">https://riuma.uma.es/rest/oai/request</request><GetRecord><record><header><identifier>oai:riuma.uma.es:10630/28567</identifier><datestamp>2026-02-03T12:04:00Z</datestamp><setSpec>com_10630_2254</setSpec><setSpec>col_10630_37959</setSpec></header><metadata><record xmlns="http://www.loc.gov/MARC21/slim" xmlns:dcterms="http://purl.org/dc/terms/" xmlns:doc="http://www.lyncode.com/xoai" xmlns:xsi="http://www.w3.org/2001/XMLSchema-instance" xsi:schemaLocation="http://www.loc.gov/MARC21/slim http://www.loc.gov/standards/marcxml/schema/MARC21slim.xsd">
   <leader>00925njm 22002777a 4500</leader>
   <datafield ind2=" " ind1=" " tag="042">
      <subfield code="a">dc</subfield>
   </datafield>
   <datafield ind2=" " ind1=" " tag="720">
      <subfield code="a">Martín-Valero, Rocío</subfield>
      <subfield code="e">author</subfield>
   </datafield>
   <datafield ind2=" " ind1=" " tag="720">
      <subfield code="a">Gálvez Álvarez, Paula</subfield>
      <subfield code="e">author</subfield>
   </datafield>
   <datafield ind2=" " ind1=" " tag="720">
      <subfield code="a">Lista Paz, Ana</subfield>
      <subfield code="e">author</subfield>
   </datafield>
   <datafield ind2=" " ind1=" " tag="260">
      <subfield code="c">2024</subfield>
   </datafield>
   <datafield ind2=" " ind1=" " tag="520">
      <subfield code="a">Introducción: los pacientes con Long COVID-19 no se recuperan completamente tras la infección y presentan secuelas. Se ha asociado la debilidad muscular respiratoria a una peor recuperación, por tanto, su entrenamiento podría ser beneficioso.&#xd;
Objetivo: analizar la eficacia del entrenamiento muscular respiratorio en personas que sufren Long COVID-19 y describir las recomendaciones basadas en la evidencia en el tratamiento de fisioterapia a seguir en esta población&#xd;
Metodología: se realizó la búsqueda en las cuatro bases de datos de PubMed, Embase, Web of Science y Cochrane. &#xd;
Resultados: se incluyeron 5 artículos en la presente revisión: 4 ECA y 1 estudio cuasiexperimental. Se pasó la escala PEDro a los ECA: tres artículos (75%) obtuvieron un nivel de evidencia 2 (dos con puntuación “excelente” de 9/10 y el otro con puntuación “buena” de 6/10), mientras que un artículo (25%) obtuvo nivel de evidencia 1 (con puntuación “regular” de 4/10). El riesgo de sesgo en general fue bajo. Esta revisión sistemática esta registrada en PROSPERO con el número CRD42023410838. El entrenamiento muscular respiratorio resulta ser una estrategia no farmacológica adicional de rehabilitación de bajo costo, segura, y eficaz, al reducir significativamente la gravedad de algunas secuelas, mejorar la fuerza muscular respiratoria y periférica, la calidad de vida y la capacidad aeróbica. En cuatro de los cinco artículos primarios revisados los valores de disnea medidos mediante la escala mMRC se redujeron significativamente tras la intervención.&#xd;
Conclusiones: el entrenamiento muscular respiratorio en Long COVID-19 es una estrategia de tratamiento segura y de fácil accesibilidad, con eficacia sobre secuelas como la disnea y la debilidad respiratoria, además de mejorar la calidad de vida, las limitaciones funcionales y la capacidad aeróbica.</subfield>
   </datafield>
   <datafield ind1="8" ind2=" " tag="024">
      <subfield code="a">https://hdl.handle.net/10630/28567</subfield>
   </datafield>
   <datafield tag="653" ind2=" " ind1=" ">
      <subfield code="a">COVID-19 - Pacientes - Rehabilitación</subfield>
   </datafield>
   <datafield ind2="0" ind1="0" tag="245">
      <subfield code="a">Eficacia del entrenamiento muscular respiratorio en pacientes con condición Long Covid-19: una revision sistemática.</subfield>
   </datafield>
</record>
</metadata></record></GetRecord></OAI-PMH>